Marco interpretativo del desarrollo económico y social de El Salvador. Coyuntura 1980-1984
Uloženo v:
| Korporativní autor: | |
|---|---|
| Médium: | Text |
| Vydáno: |
SAN José :
|
| Témata: | |
| Tagy: |
Přidat tag
Žádné tagy, Buďte první, kdo vytvoří štítek k tomuto záznamu!
|
MARC
| LEADER | 00000 a a2200000 04500 | ||
|---|---|---|---|
| 001 | 14740 | ||
| 003 | |||
| 040 | |||
| 090 | |a 022300 | ||
| 110 | |a Universidad de El Salvador | ||
| 245 | |a Marco interpretativo del desarrollo económico y social de El Salvador. Coyuntura 1980-1984 | ||
| 260 | |a SAN José : | ||
| 300 | |a 34 p. | ||
| 650 | |a DESARROLLO ECONOMICO Y SOCIAL | ||
| 999 | |c 13560 |d 13560 | ||
